Comparativo de la gestión de residuos sólidos en Belo Horizonte (Brasil) y San José (GAM)(Costa Rica)
Salvato in:
| Autore principale: | |
|---|---|
| Altri autori: | |
| Natura: | Libro |
| Lingua: | Spanish |
| Pubblicazione: |
2018
|
| Tags: |
Aggiungi Tag
Nessun Tag, puoi essere il primo ad aggiungerne!!
|
MARC
| LEADER | 00000nam a22000007a 4500 | ||
|---|---|---|---|
| 003 | 000868 | ||
| 005 | 20230614081637.0 | ||
| 008 | 181128b2018 ec a|||| |||| ||| ||spa d | ||
| 040 | |c cru CEDI | ||
| 100 | |9 677 |a Cruz Zúñiga, Nidia, 1978- | ||
| 245 | |a Comparativo de la gestión de residuos sólidos en Belo Horizonte (Brasil) y San José (GAM)(Costa Rica) | ||
| 260 | |c 2018 | ||
| 300 | |a 8 hojas : ilustraciones a color | ||
| 500 | |a Ponencia presentada en el XXXVI Congreso Interamericano de Ingeniería Sanitaria y Ambiental "En vía al Desarrollo Sostenible" 28, 29, 30, 31 Octubre 2018 Guayaquil-Ecuador - Donado al Centro de Documentación e Información del Instituto de Investigaciones en Ingeniería de la Facultad de Ingeniería de la Universidad de Costa Rica | ||
| 501 | |a Título de la memoria. Libro de trabjos técnicos orales | ||
| 700 | |9 14979 |a Vasconcelos Barros, Raphael Tobías de | ||
| 942 | |2 ddc |c CEDI |h 363 C957c |6 363_000000000000000_C957C | ||
| 999 | |c 21345 |d 21345 | ||
